00729oam a22001693a 4500020001800000050001600018100001800034245004600052260003100098300002300129440002200152500011700174505013700291650003100428650006000459650004000519 a9780141185316 aPZ3b.F7735 aForster E. M. aWhere Angels Fear To TreadcE. M. Forster aLondon : bPenguin :c2001 a168 pages :c20 cm aPenguin classics. a"The text of this volume is ... that of the Abinger Edition published by Edward Arnold in 1975" - Editor's note. aEditor's Introduction A note on the Text Where Angel Fear To Tread Appendix: An Exchange between Forster and R. C. Trevelyan Notes  aSocial classes -- Fiction. aEnglish -- Italy -- Social life and customs -- Fiction. aEnglish -- Social life and customs.